[Event "Women's Speed Chess Q4"]
[Site "chess.com INT"]
[Date "2021.06.03"]
[Round "6"]
[White "Adam, Ernestina"]
[Black "Nguyen, Thi Thanh An"]
[Result "0-1"]
[WhiteTitle "WCM"]
[BlackTitle "WGM"]
[WhiteElo "1354"]
[BlackElo "2259"]
[WhiteFideId "165883"]
[BlackFideId "12400300"]
[EventDate "2021.06.03"]

1. e4 c5 2. Nf3 d6 3. d4 cxd4 4. Nxd4 Nf6 5. Nc3 a6 6. f3 e6 7. Be3 b5 8. Qd2
Nbd7 9. g4 Nb6 10. h4 Bb7 11. O-O-O Nfd7 12. h5 Rc8 13. Kb1 Ne5 14. g5 Be7 15.
g6 hxg6 16. Qg2 Rxc3 17. bxc3 Qc7 18. hxg6 Rxh1 19. gxf7+ Kxf7 20. Qxh1 Qxc3 21.
Qh5+ Ng6 22. Bh3 Bc8 23. Bxe6+ Bxe6 24. Nxe6 Qxe3 25. Qf5+ Bf6 26. Nd8+ Ke8 27.
Qxg6+ Kxd8 28. Qf7 Nc4 29. Qf8+ Kc7 30. Qf7+ Kb6 31. Qe8 Na3# 0-1

[Event "Women's Speed Chess Q4"]
[Site "chess.com INT"]
[Date "2021.06.03"]
[Round "6"]
[White "Kanyamarala, Trisha"]
[Black "Belenkaya, Dina"]
[Result "1-0"]
[WhiteTitle "WIM"]
[BlackTitle "WGM"]
[WhiteElo "2180"]
[BlackElo "2304"]
[WhiteFideId "45004722"]
[BlackFideId "24142654"]
[EventDate "2021.06.03"]

1. e4 d5 2. exd5 Qxd5 3. Nc3 Qe5+ 4. Be2 c6 5. Nf3 Qc7 6. d4 Nf6 7. Be3 Bf5 8.
O-O e6 9. h3 Bd6 10. Bd3 O-O 11. Bg5 Bxd3 12. Qxd3 Nbd7 13. Ne4 Nxe4 14. Qxe4 h6
15. Bh4 b5 16. Rfe1 a5 17. Ne5 Rac8 18. Rad1 Nb6 19. c3 a4 20. Qg4 Kh8 21. Qh5
Nd5 22. Re4 a3 23. bxa3 Nxc3 24. Bf6 Kh7 25. Rg4 gxf6 26. Rh4 Rh8 27. Qxh6+ Kg8
28. Rg4# 1-0

[Event "Women's Speed Chess Q4"]
[Site "chess.com INT"]
[Date "2021.06.03"]
[Round "6"]
[White "Dauletova, Gulmira"]
[Black "Nikolova, Adriana"]
[Result "1/2-1/2"]
[WhiteTitle "WGM"]
[BlackTitle "WGM"]
[WhiteElo "2285"]
[BlackElo "2243"]
[WhiteFideId "13702971"]
[BlackFideId "2908689"]
[EventDate "2021.06.03"]

1. e4 c5 2. Nf3 d6 3. d4 cxd4 4. Qxd4 Nc6 5. Bb5 Bd7 6. Qd3 a6 7. Bxc6 Bxc6 8.
c4 g6 9. Nc3 Bg7 10. O-O Nf6 11. h3 O-O 12. Be3 Nd7 13. Rac1 Rb8 14. b4 b5 15.
c5 dxc5 16. bxc5 b4 17. Nd5 Bb5 18. Qd2 Ne5 19. Nxe5 Bxe5 20. Rfd1 Ba4 21. Re1
e6 22. Nxb4 Qxd2 23. Bxd2 Rfd8 24. Re2 Rxd2 25. Rxd2 Rxb4 26. Rd8+ Kg7 27. g3
Bc6 28. Rc8 Bb7 29. Rd8 Bc6 30. Rc8 Bb7 31. Rd8 Bc6 1/2-1/2

[Event "Women's Speed Chess Q4"]
[Site "chess.com INT"]
[Date "2021.06.03"]
[Round "6"]
[White "Osmak, Iulija"]
[Black "Kazarian, Anna-Maja"]
[Result "1-0"]
[WhiteTitle "IM"]
[BlackTitle "FM"]
[WhiteElo "2425"]
[BlackElo "2096"]
[WhiteFideId "14101602"]
[BlackFideId "1033689"]
[EventDate "2021.06.03"]

1. b4 d5 2. Bb2 Nf6 3. e3 e6 4. b5 Be7 5. Nf3 O-O 6. Be2 Nbd7 7. O-O c6 8. a4
Qc7 9. c4 Re8 10. d4 Ne4 11. Nbd2 f5 12. Rc1 a6 13. cxd5 exd5 14. bxc6 bxc6 15.
Qc2 Rb8 16. Ba1 Bb7 17. Nb3 Ba3 18. Rb1 Bd6 19. g3 Ndf6 20. Ne5 c5 21. f4 c4 22.
Nd2 Nxd2 23. Qxd2 Ne4 24. Qc2 Bc6 25. g4 Bd7 26. Bf3 Bxe5 27. dxe5 Qc5 28. Bd4
Qa5 29. Bxe4 fxe4 30. f5 Qxa4 31. Qg2 Rxb1 32. Rxb1 Bb5 33. e6 c3 34. Bxc3 Qc4
35. Bd4 Qd3 36. Rc1 Bc4 37. Qf2 Rf8 38. Qf4 Qe2 39. Qg5 1-0

[Event "Women's Speed Chess Q4"]
[Site "chess.com INT"]
[Date "2021.06.03"]
[Round "6"]
[White "Avramidou, Anastasia"]
[Black "Nandhidhaa, P V"]
[Result "0-1"]
[WhiteTitle "FM"]
[BlackTitle "WGM"]
[WhiteElo "2238"]
[BlackElo "2365"]
[WhiteFideId "4239873"]
[BlackFideId "5050847"]
[EventDate "2021.06.03"]

1. d4 c5 2. d5 e5 3. e4 d6 4. Nc3 Be7 5. Bb5+ Nd7 6. a4 a6 7. Bd3 Bg5 8. Nf3
Bxc1 9. Qxc1 Ne7 10. O-O O-O 11. a5 Ng6 12. g3 Ne7 13. Nh4 Ng6 14. Ng2 Nf6 15.
f4 Bh3 16. f5 Ne7 17. Rf2 Bxg2 18. Kxg2 h6 19. h3 b5 20. axb6 Qxb6 21. b3 Qb7
22. Bc4 Nd7 23. Qf1 f6 24. Rxa6 Rxa6 25. Bxa6 Qb4 26. Qc4 Ra8 27. Bb5 Nb6 28.
Qxb4 cxb4 29. Nd1 Ra5 30. Bd3 Nd7 31. Ne3 Nc5 32. Nc4 Ra6 33. Kf3 Nc8 34. Ke3
Ra1 35. Rf1 Ra2 36. g4 Kf8 37. h4 Ke7 38. Rg1 Na7 39. g5 Nb5 40. gxf6+ gxf6 41.
Rg7+ Kf8 42. Rb7 Nxb7 0-1

[Event "Women's Speed Chess Q4"]
[Site "chess.com INT"]
[Date "2021.06.03"]
[Round "6"]
[White "Obregon Garcia, Roxangel"]
[Black "Farhat Willemstein, Stela Souza"]
[Result "1-0"]
[WhiteTitle "WIM"]
[BlackTitle "WFM"]
[WhiteElo "2167"]
[BlackElo "1758"]
[WhiteFideId "3520420"]
[BlackFideId "2109808"]
[EventDate "2021.06.03"]

1. d4 d5 2. c4 e6 3. Nc3 Nf6 4. cxd5 exd5 5. Bg5 c6 6. e3 Be7 7. Bd3 O-O 8. Qc2
h6 9. Bh4 Nbd7 10. Nge2 Ne8 11. Bg3 Bh4 12. f3 Bxg3+ 13. Nxg3 Ndf6 14. O-O Nd6
15. Rad1 Re8 16. Rfe1 Qe7 17. e4 dxe4 18. fxe4 Bg4 19. Rd2 Nh5 20. Nxh5 Bxh5 21.
Rf1 Qg5 22. e5 Qe3+ 23. Kh1 Nc8 24. Bc4 b5 25. Bb3 Ne7 26. Rdf2 Rf8 27. Qe4 Qxe4
28. Nxe4 Bg6 29. Nd6 Nd5 30. Re1 a5 31. Nf5 a4 32. Bxd5 cxd5 33. Ne7+ 1-0

[Event "Women's Speed Chess Q4"]
[Site "chess.com INT"]
[Date "2021.06.03"]
[Round "6"]
[White "Daulyte-Cornette, Deimante"]
[Black "Kiolbasa, Oliwia"]
[Result "1-0"]
[WhiteTitle "IM"]
[BlackTitle "WIM"]
[WhiteElo "2387"]
[BlackElo "2255"]
[WhiteFideId "12802859"]
[BlackFideId "1154613"]
[EventDate "2021.06.03"]

1. e4 e5 2. Nf3 Nc6 3. Nc3 Nf6 4. Bb5 Bb4 5. O-O Bxc3 6. dxc3 O-O 7. Re1 d6 8.
h3 Qe7 9. Bxc6 bxc6 10. c4 h6 11. b3 c5 12. Nd2 Bb7 13. Qe2 Nh7 14. g4 Qh4 15.
Kh2 Ng5 16. Qe3 Nxh3 17. Nf3 Qxg4 18. Ng1 Nxg1 19. Rxg1 Qh4+ 20. Qh3 Qxh3+ 21.
Kxh3 Bxe4 22. Bxh6 Bg6 23. Be3 Bxc2 24. Rg3 Bf5+ 25. Kh2 Bg6 26. Rh1 a5 27. a4
Rab8 28. Bd2 Bc2 29. Bh6 Bg6 30. Bd2 Ra8 31. Kg1 Rfe8 32. Rgh3 f6 33. Rg3 Kf7
34. Kf1 Bc2 35. Rhg1 Rg8 36. Ke2 g5 37. Rc1 1-0

[Event "Women's Speed Chess Q4"]
[Site "chess.com INT"]
[Date "2021.06.03"]
[Round "6"]
[White "Pavlidou, Ekaterini"]
[Black "Von Herman, Brigitte"]
[Result "1-0"]
[WhiteTitle "WIM"]
[BlackTitle "WFM"]
[WhiteElo "2157"]
[BlackElo "1991"]
[WhiteFideId "4213262"]
[BlackFideId "4628730"]
[EventDate "2021.06.03"]

1. d4 d5 2. c4 Nc6 3. cxd5 Qxd5 4. e3 e5 5. Nc3 Bb4 6. Bd2 Bxc3 7. bxc3 Nf6 8.
Qb3 Qd7 9. Bb5 exd4 10. cxd4 O-O 11. Rc1 Qg4 12. Be2 Qe6 13. Qxe6 Bxe6 14. Rc2
Ne4 15. Nf3 Nxd2 16. Rxd2 Ne7 17. O-O Rfd8 18. Rb1 b6 19. Rc1 c6 20. Ne5 Rac8
21. Rdc2 Bd7 22. Nxd7 Rxd7 23. Ba6 Rcc7 24. Bb5 Rd6 25. Bc4 Kf8 26. f3 f6 27.
Kf2 Ke8 28. h4 Kd8 29. g4 Kc8 30. Ba6+ Kb8 31. a4 Rd5 32. Bc4 Ra5 33. Bb3 c5 34.
d5 Rd7 35. e4 Nc8 36. f4 Re7 37. Re2 Nd6 38. e5 fxe5 39. fxe5 c4 40. exd6 Rxe2+
41. Kxe2 cxb3 42. d7 Rxd5 43. Rc8+ Kb7 44. d8=Q 1-0

[Event "Women's Speed Chess Q4"]
[Site "chess.com INT"]
[Date "2021.06.03"]
[Round "6"]
[White "Sviridova, Vlada"]
[Black "Antolak, Julia"]
[Result "0-1"]
[WhiteTitle "WFM"]
[BlackTitle "WIM"]
[WhiteElo "2144"]
[BlackElo "2306"]
[WhiteFideId "24109606"]
[BlackFideId "1159569"]
[EventDate "2021.06.03"]

1. d4 Nf6 2. c4 c5 3. d5 b5 4. cxb5 a6 5. bxa6 g6 6. g3 Bg7 7. Bg2 O-O 8. Nc3 d6
9. Nf3 Nxa6 10. O-O Bf5 11. Nh4 Bd7 12. e4 Qb6 13. Rb1 Rfb8 14. h3 Nc7 15. Bd2
Nfe8 16. Kh2 Nb5 17. Nxb5 Bxb5 18. Re1 Rxa2 19. Qb3 Raa8 20. Bc3 Bd3 21. Qxb6
Rxb6 22. Rbc1 Nc7 23. e5 Nb5 24. exd6 exd6 25. Bxg7 Kxg7 26. Re3 Bf5 27. Nxf5+
gxf5 28. Rb3 Rab8 29. Ra1 Nd4 30. Rxb6 Rxb6 31. Ra2 Kf6 32. g4 fxg4 33. hxg4 Ke5
34. Ra7 Rxb2 35. Rxf7 Nb5 36. f4+ Kd4 37. Rxh7 c4 38. Rh8 c3 39. Rc8 c2 40. g5
Nc3 41. g6 c1=Q 42. g7 Qxf4+ 43. Kh3 Qh6+ 44. Kg3 Qxg7+ 45. Kf4 Rf2+ 46. Bf3
Qf6+ 47. Kg4 Qxf3+ 48. Kg5 Qg3+ 49. Kh6 Rh2# 0-1

[Event "Women's Speed Chess Q4"]
[Site "chess.com INT"]
[Date "2021.06.03"]
[Round "6"]
[White "Socko, Monika"]
[Black "Bodnaruk, Anastasia"]
[Result "0-1"]
[WhiteTitle "GM"]
[BlackTitle "IM"]
[WhiteElo "2421"]
[BlackElo "2457"]
[WhiteFideId "1106619"]
[BlackFideId "4181751"]
[EventDate "2021.06.03"]

1. d4 Nf6 2. c4 g6 3. Nf3 Bg7 4. g3 O-O 5. Bg2 d6 6. O-O Nc6 7. Nc3 a6 8. Qc2
Bf5 9. e4 Bg4 10. Be3 Bxf3 11. Bxf3 e5 12. Ne2 Nd7 13. Rad1 Kh8 14. Bg2 f5 15.
exf5 gxf5 16. d5 Nb4 17. Qd2 a5 18. a3 Na6 19. f4 a4 20. Bh3 Nac5 21. fxe5 Nxe5
22. Bxf5 Nxc4 23. Qc1 Qe7 24. Bxc5 Qxe2 25. Rf2 Qh5 26. Rdf1 Nxb2 27. Rxb2 dxc5
28. Rbf2 Bd4 29. g4 Qh4 30. Kh1 Bxf2 31. Qb2+ Bd4 32. Qxb7 Be5 33. d6 Qxh2# 0-1

[Event "Women's Speed Chess Q4"]
[Site "chess.com INT"]
[Date "2021.06.03"]
[Round "6"]
[White "Yu, Jennifer"]
[Black "Potapova, Margarita"]
[Result "1-0"]
[WhiteTitle "FM"]
[BlackTitle "WIM"]
[WhiteElo "2312"]
[BlackElo "2252"]
[WhiteFideId "2078341"]
[BlackFideId "14126869"]
[EventDate "2021.06.03"]

1. d4 Nf6 2. c4 e6 3. Nc3 Bb4 4. g3 d5 5. Nf3 O-O 6. Bg2 dxc4 7. O-O c5 8. dxc5
Na6 9. Ne5 Bxc5 10. Nxc4 Nb4 11. Qb3 Nbd5 12. e4 Nxc3 13. Qxc3 Bd4 14. Qc2 e5
15. Be3 Be6 16. Bxd4 Qxd4 17. Ne3 Rac8 18. Qe2 Bc4 19. Nxc4 Qxc4 20. Rfe1 Qxe2
21. Rxe2 Rfd8 22. f4 Nd7 23. Rd1 Kf8 24. Red2 Ke7 25. Bh3 Rc7 26. fxe5 b5 27.
Kf2 a6 28. Ke3 g6 29. Rd6 Rb7 30. e6 fxe6 31. Rxe6+ Kf8 32. Red6 Ke7 33. Rxd7+
Rdxd7 34. Rxd7+ Rxd7 35. Bxd7 Kxd7 36. Kd4 Kd6 37. b4 Ke6 38. Kc5 Ke5 39. Kb6 h5
40. Kxa6 g5 41. Kxb5 h4 42. gxh4 gxh4 43. a4 1-0

[Event "Women's Speed Chess Q4"]
[Site "chess.com INT"]
[Date "2021.06.03"]
[Round "6"]
[White "Varney, Zoe"]
[Black "Golubenko, Valentina"]
[Result "0-1"]
[WhiteTitle "WCM"]
[BlackTitle "WGM"]
[WhiteElo "1917"]
[BlackElo "2209"]
[WhiteFideId "436135"]
[BlackFideId "4501993"]
[EventDate "2021.06.03"]

1. e4 e6 2. d4 d5 3. exd5 exd5 4. Nf3 Nf6 5. c4 Be7 6. Nc3 O-O 7. Bg5 c6 8. Be2
dxc4 9. Bxc4 Bg4 10. Be2 Nbd7 11. O-O Nb6 12. h3 Bxf3 13. Bxf3 h6 14. Bh4 Qd7
15. Re1 Rad8 16. Qb3 Nfd5 17. Nxd5 Nxd5 18. Bg4 Qc7 19. Bg3 Bd6 20. Be5 Nb6 21.
Qg3 Bxe5 22. dxe5 Rd2 23. b3 Rfd8 24. Qe3 Rb2 25. e6 fxe6 26. Qxe6+ Kh8 27. Qe7
Qxe7 28. Rxe7 Rdd2 29. Rae1 Rxf2 30. Re8+ Kh7 31. Bf3 Nd5 32. Bxd5 cxd5 33. R1e7
Rxg2+ 34. Kf1 Rbf2+ 35. Ke1 Rf3 36. Rxb7 Rxh3 37. Rf8 Rh1+ 38. Rf1 Rhh2 0-1

[Event "Women's Speed Chess Q4"]
[Site "chess.com INT"]
[Date "2021.06.03"]
[Round "6"]
[White "Morris-Suzuki, Sophie"]
[Black "Bommini, Mounika Akshaya"]
[Result "0-1"]
[WhiteTitle "WFM"]
[BlackTitle "WFM"]
[WhiteElo "2043"]
[BlackElo "2029"]
[WhiteFideId "30922615"]
[BlackFideId "25019872"]
[EventDate "2021.06.03"]

1. e4 Nc6 2. d4 e5 3. Nf3 exd4 4. Bc4 Nf6 5. e5 d5 6. Bb5 Ne4 7. Nxd4 Bc5 8. O-O
O-O 9. Bxc6 bxc6 10. Be3 Bxd4 11. Bxd4 c5 12. Be3 d4 13. Bf4 f6 14. Nd2 Nxd2 15.
Qxd2 Bb7 16. f3 fxe5 17. Bxe5 Qd7 18. Qa5 Rae8 19. Qxc5 Rf5 20. Qxd4 Qc6 21.
Bxg7 Rg5 22. Bf6 Rg6 23. Be5 Qxc2 24. Rf2 Qf5 25. Qc4+ Ree6 26. Bc3 Bxf3 27. Qd4
Ref6 28. Qd8+ Rf8 29. Qd4 Qg5 30. Qh8+ Kf7 31. Qxh7+ Ke8 32. Re1+ Kd8 33. Rd2+
Qxd2 34. Bxd2 Rxg2+ 35. Kf1 Be4+ 36. Bf4 Rxf4# 0-1

[Event "Women's Speed Chess Q4"]
[Site "chess.com INT"]
[Date "2021.06.03"]
[Round "6"]
[White "Vantika, Agrawal"]
[Black "Matveeva, Olga"]
[Result "1-0"]
[WhiteTitle "WIM"]
[BlackTitle "WIM"]
[WhiteElo "2286"]
[BlackElo "2145"]
[WhiteFideId "25050389"]
[BlackFideId "24107018"]
[EventDate "2021.06.03"]

1. d4 Nf6 2. c4 e6 3. g3 Bb4+ 4. Nd2 O-O 5. Bg2 d5 6. Nf3 b6 7. O-O Bb7 8. Ne5
Nbd7 9. cxd5 exd5 10. Qa4 Bxd2 11. Bxd2 Nxe5 12. dxe5 Ne4 13. Be3 c5 14. Rad1
Qe7 15. f3 d4 16. Bc1 Ng5 17. h4 Ne6 18. e3 Rad8 19. exd4 Nxd4 20. Bg5 Qxe5 21.
Bxd8 Rxd8 22. Rfe1 Qb8 23. Kf2 h6 24. b4 Qa8 25. bxc5 bxc5 26. Re3 Bd5 27. Rde1
Kh7 28. Qa3 Nc2 29. Qd3+ Be4 30. Qxe4+ Qxe4 31. Rxe4 Nxe1 32. Kxe1 Rd7 33. Rc4
Rc7 34. f4 Kg6 35. g4 Kf6 36. Kd2 Ke6 37. Be4 Kd6 38. Kc3 Re7 39. Kd3 Rc7 40.
Ra4 Re7 41. Ra6+ Kc7 42. Rxa7+ Kd6 43. Rxe7 Kxe7 44. a4 1-0

[Event "Women's Speed Chess Q4"]
[Site "chess.com INT"]
[Date "2021.06.03"]
[Round "6"]
[White "Nguyen, Thi Mai Hung"]
[Black "Fominykh, Maria"]
[Result "1-0"]
[WhiteTitle "WGM"]
[BlackTitle "WGM"]
[WhiteElo "2254"]
[BlackElo "2206"]
[WhiteFideId "12401676"]
[BlackFideId "4142411"]
[EventDate "2021.06.03"]

1. d4 d6 2. Nf3 Nf6 3. g3 g6 4. Bg2 Bg7 5. O-O O-O 6. a4 Nc6 7. a5 a6 8. d5 Nb8
9. c4 c5 10. Nc3 Re8 11. Qc2 e5 12. dxe6 Bxe6 13. Nd2 Nc6 14. Rd1 Nxa5 15. Qa4
Nc6 16. Bxc6 bxc6 17. Qxc6 Rc8 18. Qxa6 Ra8 19. Qxa8 Qxa8 20. Rxa8 Rxa8 21. Nb5
Nd7 22. Nxd6 Ra1 23. Rf1 Nb6 24. b3 Bh6 25. N6e4 Nd7 26. f4 Bh3 27. Re1 Bg7 28.
Kf2 Bd4+ 29. e3 Bg7 30. Nf3 Ra2+ 31. Re2 Ra1 32. Rc2 Bf5 33. Nfd2 Nf6 34. Kf3
Ng4 35. h3 Nf6 36. g4 Bd7 37. Nxc5 Bc6+ 38. e4 h5 39. g5 Ne8 40. b4 Nd6 41. b5
Ba8 42. Ndb3 f5 43. Nxa1 1-0

[Event "Women's Speed Chess Q4"]
[Site "chess.com INT"]
[Date "2021.06.03"]
[Round "6"]
[White "Pourkashiyan, Atousa"]
[Black "Vargas, Gabriela"]
[Result "0-1"]
[WhiteTitle "WGM"]
[BlackTitle "WIM"]
[WhiteElo "2322"]
[BlackElo "2170"]
[WhiteFideId "12502014"]
[BlackFideId "3700860"]
[EventDate "2021.06.03"]

1. e4 e6 2. d4 d5 3. Nd2 Nc6 4. Ngf3 Nf6 5. e5 Nd7 6. Bb5 f6 7. exf6 Qxf6 8. c3
Bd6 9. O-O O-O 10. Re1 e5 11. dxe5 Ndxe5 12. Be2 Bg4 13. Rf1 Rae8 14. Nd4 Bxe2
15. Nxe2 Ng4 16. Nf3 Nce5 17. Qxd5+ Kh8 18. Ng3 c6 19. Qe4 Nxf3+ 20. Qxf3 Qxf3
21. gxf3 Rxf3 22. Bg5 h6 23. Bd2 h5 24. Rae1 Rxe1 25. Bxe1 h4 26. Ne4 Bxh2+ 27.
Kg2 Rd3 28. f3 Ne3+ 29. Kxh2 Nxf1+ 30. Kg1 Ne3 31. Bxh4 Nf5 32. Be1 Rxf3 33. Ng5
Re3 34. Kf2 Re8 35. Bd2 Kg8 36. b3 Nd6 37. c4 Ne4+ 38. Nxe4 Rxe4 39. Bb4 Kf7 40.
Bc5 a6 41. Kf3 Re6 42. Bb6 Kf6 43. Kf4 g5+ 44. Kg4 Re4+ 45. Kf3 Kf5 46. Bd8 g4+
47. Kf2 Rd4 48. Bc7 Rd2+ 49. Kg3 Rxa2 50. b4 Rb2 51. Bd6 Rb3+ 52. Kg2 Ke4 53.
Be7 Kd4 54. c5 Kc4 55. Bd8 Rxb4 56. Kg3 Kxc5 57. Be7+ Kb5 0-1

[Event "Women's Speed Chess Q4"]
[Site "chess.com INT"]
[Date "2021.06.03"]
[Round "6"]
[White "Girya, Olga"]
[Black "Ambartsumova, Karina"]
[Result "0-1"]
[WhiteTitle "WGM"]
[BlackTitle "IM"]
[WhiteElo "2451"]
[BlackElo "2382"]
[WhiteFideId "4195752"]
[BlackFideId "4166299"]
[EventDate "2021.06.03"]

1. d4 Nf6 2. Nf3 e6 3. c4 d5 4. Nc3 Bb4 5. cxd5 exd5 6. Qa4+ Nc6 7. Bg5 h6 8.
Bxf6 Qxf6 9. e3 O-O 10. Bd3 Be6 11. a3 Bxc3+ 12. bxc3 a6 13. Qb3 Na5 14. Qb4 b6
15. O-O Bf5 16. Be2 Rfe8 17. Rac1 Qe6 18. Rfd1 Be4 19. Nd2 Qg6 20. Nxe4 dxe4 21.
c4 Nc6 22. Qb2 Ne7 23. c5 b5 24. d5 Nf5 25. d6 cxd6 26. c6 Nh4 27. Bf1 Re5 28.
g3 Ree8 29. c7 Rac8 30. Kh1 Nf3 31. Bg2 Qf5 32. h3 Ne5 33. Qe2 Nd3 34. Rc3 Nxf2+
35. Kg1 Nxd1 36. Qxd1 Re7 37. Qxd6 Qd7 38. Qxd7 Rxd7 39. Bxe4 Rdxc7 40. Rd3 g6
41. Rd6 Ra7 42. Rb6 Kg7 43. Rd6 Rc3 44. Re6 fxe6 45. a4 Rxe3 0-1

[Event "Women's Speed Chess Q4"]
[Site "chess.com INT"]
[Date "2021.06.03"]
[Round "6"]
[White "Narva, Mai"]
[Black "Purtseladze, Maka"]
[Result "0-1"]
[WhiteTitle "WIM"]
[BlackTitle "IM"]
[WhiteElo "2276"]
[BlackElo "2274"]
[WhiteFideId "4500512"]
[BlackFideId "13602659"]
[EventDate "2021.06.03"]

1. e4 c6 2. d4 d5 3. f3 Qb6 4. Nc3 e5 5. dxe5 Bc5 6. Na4 Qa5+ 7. c3 Bxg1 8. Rxg1
dxe4 9. f4 Ne7 10. b4 Qd5 11. Be3 Nf5 12. Kf2 Nxe3 13. Kxe3 Be6 14. Nc5 b6 15.
Nxe4 O-O 16. c4 Qxd1 17. Rxd1 a5 18. a3 axb4 19. axb4 Ra3+ 20. Rd3 Ra1 21. Rc3
Na6 22. b5 cxb5 23. cxb5 Nb4 24. Kf2 Nd5 25. Rf3 Bg4 26. Rg3 h5 27. Be2 Rxg1 28.
Kxg1 Bxe2 29. f5 Bg4 30. Nd6 Nf4 31. Kf2 Ra8 32. Rc3 Ra2+ 33. Ke3 Re2+ 34. Kd4
Rd2+ 35. Ke3 Rxg2 36. Kxf4 Rxh2 37. Rc8+ Kh7 38. Nxf7 Rf2+ 39. Ke3 Rxf5 40. e6
Rf6 41. Ng5+ Kg6 42. e7 Bd7 43. Rd8 Bxb5 44. Ne4 Re6 45. Rd6 Kf7 0-1

[Event "Women's Speed Chess Q4"]
[Site "chess.com INT"]
[Date "2021.06.03"]
[Round "6"]
[White "Vu, Bui Thi Thanh Van"]
[Black "Arpita, Mukherjee"]
[Result "1-0"]
[WhiteTitle "WFM"]
[BlackTitle "WIM"]
[WhiteElo "1750"]
[BlackElo "2206"]
[WhiteFideId "12408921"]
[BlackFideId "5056403"]
[EventDate "2021.06.03"]

1. d4 Nf6 2. Nf3 g6 3. Nbd2 d5 4. e3 Bg7 5. b4 O-O 6. Be2 a5 7. b5 c6 8. a4 Ne4
9. Bb2 Nd7 10. O-O Nd6 11. c4 dxc4 12. Nxc4 Nxc4 13. Bxc4 Nb6 14. Be2 cxb5 15.
Bxb5 Bg4 16. h3 Bd7 17. Qe2 Rc8 18. Rfc1 Qe8 19. Bc3 Bxb5 20. axb5 a4 21. Ba5
Rxc1+ 22. Rxc1 Nd5 23. Qc4 Qd7 24. Ra1 a3 25. Rxa3 Rc8 26. Qb3 Rc1+ 27. Kh2 Qd6+
28. g3 h5 29. Ra2 Bf6 30. Bd2 Rc8 31. e4 Nb6 32. e5 Bxe5 33. dxe5 Qd7 34. Be3
Nc4 35. Re2 Nxe3 36. Qxe3 e6 37. Rb2 Qd5 38. Nd2 Rc1 39. Qf3 Qd4 40. Ra2 Re1 41.
Ra8+ Kg7 42. Qf6+ Kh6 43. Rh8# 1-0

[Event "Women's Speed Chess Q4"]
[Site "chess.com INT"]
[Date "2021.06.03"]
[Round "6"]
[White "Mkrtchian, Lilit"]
[Black "Rakshitta, Ravi"]
[Result "1/2-1/2"]
[WhiteTitle "IM"]
[BlackTitle "WIM"]
[WhiteElo "2388"]
[BlackElo "2190"]
[WhiteFideId "13300601"]
[BlackFideId "25073230"]
[EventDate "2021.06.03"]

1. e4 e5 2. Nf3 Nc6 3. Bb5 f5 4. d3 fxe4 5. dxe4 Nf6 6. O-O d6 7. a3 Be7 8. Bc4
h6 9. Nc3 Bg4 10. h3 Bh5 11. Qd3 Bf7 12. Bxf7+ Kxf7 13. Nd5 Rf8 14. Qb3 Nxd5 15.
exd5 Na5 16. Qd3 b6 17. Qh7 Bf6 18. Nh2 Rh8 19. Qe4 Rf8 20. Ng4 Kg8 21. Qg6 Qe8
22. Nxh6+ Kh8 23. Qxe8 Raxe8 24. Ng4 e4 25. Nxf6 Rxf6 26. Be3 Nc4 27. Bd4 Rf5
28. b3 Rxd5 29. Rad1 Ne5 30. Rfe1 c5 31. Bxe5 Rexe5 32. Rxd5 Rxd5 33. Rxe4 Rd1+
34. Kh2 Rd2 35. Re7 Rxf2 36. c4 Rb2 37. Rxa7 Rxb3 38. Rd7 Rxa3 39. Rxd6 Rb3 40.
Rc6 Kh7 41. Kg1 g6 42. Kf2 Kh6 43. g3 Kg5 44. h4+ Kf5 45. Kg2 Rb4 46. Kf3 Rb3+
47. Kf2 Rb4 48. Kf3 Rb3+ 49. Kf2 Rb4 50. Kf3 1/2-1/2

[Event "Women's Speed Chess Q4"]
[Site "chess.com INT"]
[Date "2021.06.03"]
[Round "6"]
[White "Priyanka, K"]
[Black "Selkirk, Rebecca"]
[Result "1-0"]
[WhiteTitle "WIM"]
[BlackTitle "WCM"]
[WhiteElo "2218"]
[BlackElo "1799"]
[WhiteFideId "5082986"]
[BlackFideId "14306514"]
[EventDate "2021.06.03"]

1. e4 c6 2. Nc3 d5 3. Nf3 d4 4. Nb1 c5 5. d3 Nc6 6. Nbd2 Bg4 7. h3 Bh5 8. g4 Bg6
9. Bg2 h5 10. Nh4 Qd6 11. Nc4 Qc7 12. f4 hxg4 13. hxg4 Nf6 14. e5 Nd7 15. Nxg6
Rxh1+ 16. Bxh1 fxg6 17. Be4 Kf7 18. e6+ Kxe6 19. Bxg6 Kf6 20. Bf5 b5 21. Nd2 g6
22. Ne4+ Kg7 23. Bxd7 Qxd7 24. Nxc5 Qd5 25. Ne4 e5 26. f5 Be7 27. Qf3 Bh4+ 28.
Ke2 Rd8 29. Bd2 a6 30. Rh1 g5 31. f6+ Kf7 32. Qf5 Rh8 33. Nxg5+ Bxg5 34. Rxh8
Qg2+ 35. Qf2 Qxf2+ 36. Kxf2 Bxd2 37. Rc8 Be3+ 38. Ke2 Nb4 39. a3 Nd5 40. Rc6
Nf4+ 41. Kf3 Nd5 42. Rxa6 Nxf6 43. Rb6 Nd5 44. Rxb5 Kg6 45. Rxd5 Kg5 46. Rxe5+ 1-0

[Event "Women's Speed Chess Q4"]
[Site "chess.com INT"]
[Date "2021.06.03"]
[Round "6"]
[White "Nurmanova, Alua"]
[Black "Kulkarni, Bhakti"]
[Result "0-1"]
[WhiteTitle "WFM"]
[BlackTitle "IM"]
[WhiteElo "2008"]
[BlackElo "2391"]
[WhiteFideId "13729390"]
[BlackFideId "5019516"]
[EventDate "2021.06.03"]

1. e4 g6 2. d4 c6 3. Nc3 d5 4. Nf3 Bg7 5. h3 Nh6 6. Be2 f6 7. O-O Nf7 8. Be3 O-O
9. Re1 Na6 10. Qd2 Nc7 11. Rad1 dxe4 12. Nxe4 Nd5 13. c4 Nxe3 14. Qxe3 Qc7 15.
Bf1 e5 16. dxe5 Nxe5 17. Nd4 Bd7 18. Nc5 Rae8 19. Qg3 Bc8 20. f4 Qb6 21. b4 Qxb4
22. Ncb3 Nxc4 23. Kh1 f5 24. Nc2 Qa4 25. Rxe8 Rxe8 26. Re1 Nd6 27. Rxe8+ Nxe8
28. Qe3 Qe4 29. Bc4+ Kh8 30. Qd2 Be6 31. Bxe6 Qxe6 32. Qd8 Bf6 33. Qb8 b6 34.
Qxa7 Qe4 35. Qf7 Qe7 36. Qc4 c5 37. Qd5 Nd6 38. Qa8+ Kg7 39. Qc6 Nc4 40. Qd5 Ne3
41. Nxe3 Qxe3 42. Qb7+ Kh6 43. Qxb6 Bd4 44. Nxd4 cxd4 45. Qf6 Qxf4 46. Qf8+ Kh5
47. g4+ Kh4 48. Qf6+ Kg3 0-1